00468nam a2200193 a 4500001001300000003000900013005001700022008004100039020001000080082001400090100002200104245002000126260003500146300000900181500003500190505001000225650001700235700002200252nice12345678IN_TiNIC20260116012519.0050524s0000 lona grp 000 0 eng  ac10000a232bM`IN aM`Intyre, David K aChrist the Lord aLondonbMarshal Brothersc0000 a215p aincludes index and biblioraphy2 aIndex aJesus Christ1 aM`Intyre, David K